| 000 | 00748nam a2200241 a 4500 | ||
|---|---|---|---|
| 005 | 20140310183459.0 | ||
| 008 | 100305s19uu xx 00 eng d | ||
| 020 | _a9789712719264 | ||
| 050 |
_aKPM 863 _b.D56 2007 |
||
| 100 | _aDiaz, Virginia M. | ||
| 245 |
_aSales, agency and bailments : _bwith selected provisions of documentary stamps executive order no. 273 (value-added tax law) and revenue regulations, no. 5-87 / _cVirginia M. Diaz. |
||
| 260 |
_aPasig City : _bAnvil Publishing, Inc, _c2007. |
||
| 300 |
_a239 p.: _c22 cm. |
||
| 521 | _aBSBA | ||
| 546 | _aC10996 | ||
| 546 | _aC10344 | ||
| 546 | _aC10345 | ||
| 546 | _aC10346 | ||
| 650 | _aSales. | ||
| 650 | _a2. Agency | ||
| 650 | _a. 3. Bailments. | ||
| 942 |
_cBK _2lcc _kLOC |
||
| 999 |
_c23828 _d23828 |
||